| 000 | 00721nam a22001817a 4500 | ||
|---|---|---|---|
| 999 |
_c58127 _d58127 |
||
| 005 | 20221108160755.0 | ||
| 008 | 210621s2018 enk||||| |||| 00| 0 eng d | ||
| 020 | _a9780964524330 X | ||
| 041 | _aeng | ||
| 080 | _a376.33 S-95 | ||
| 100 |
_aSutherland, Sandra Wright _912107 |
||
| 245 |
_aDeaf and Hard of Hearing Itinerant Consultation Guide: _bTools to Help Understand Education of DHH Children in the Mainstream / _cSandra Wright Sutherland. |
||
| 264 |
_aBozeman : _bIris Press, _c2018. |
||
| 300 |
_a138 pages; _b30 cm. |
||
| 653 | _aყრუ და სმენადაქვეითებული ბავშვები. | ||
| 653 | _aГлухие и слабослышащие дети | ||
| 942 |
_2udc _cBK |
||